Statistics for word scramble - animals

Click here to take the quiz!

General Stats

  • This quiz has been taken 649 times
  • The average score is 13 of 15

Answer Stats

HintAnswer% Correct
ogddog
100%
onmkeymonkey
100%
wcocow
98%
bezrazebra
98%
hifsfish
92%
ribdbird
91%
gitretiger
88%
idopnhldolphin
84%
btabat
83%
shoerhorse
81%
oumesmouse
79%
enpuingpenguin
69%
elasseal
69%
zadrlilizard
65%
itktnekitten
58%

Score Distribution

Percentile by Number Answered

Percent of People with Each Score

Your Score History

You have not taken this quiz